Futbal teória a prax hernej prípravy

Podrobná bibliografia
Hlavný autor: Kačáni, Ladislav, 1931-2018 (Autor)
Médium: Kniha
Jazyk:slovenčina
Fyzický popis:143 s. sch., tab. 30 cm
Vydavateľské údaje: Bratislava Slovenské pedagogické nakladateľstvo 2000
ISBN:8008031646
Predmet:

MARC

LEADER 00000nam a2200000 a 4500
001 vtls001400528
003 SK-MaSNL
005 20260302001146.0
008 240318s2000 xo ap r yy slo
015 |a SNBA2001/01-00038 
020 |a 8008031646 
035 |a SNK000355012 
035 |a urn:nbn:sk:snk-amtkm2 
035 |a urn:nbn:sk:snk-am00c7mh 
035 |a 2FC28519-D8EA-4034-97C6-5EF84F6DC147 
040 |a SNK  |b slo  |c SNK  |e AACR2 
041 0 |a slo 
044 |a xo  |c SK 
080 |a 796.332.015(035)  |2 1981 
100 1 |a Kačáni, Ladislav,  |d 1931-2018  |4 aut  |9 132972 
245 1 0 |a Futbal  |b teória a prax hernej prípravy  |c Ladislav Kačáni 
260 |a Bratislava  |b Slovenské pedagogické nakladateľstvo  |c 2000 
300 |a 143 s.  |b sch., tab.  |c 30 cm 
504 |a Bibliogr. s. 143 
650 0 7 |a futbal  |x príprava herná  |x príručky  |2 SNK  |9 636700 
655 7 |a príručky  |2 SNK  |9 74364 
919 |a 80-08-03164-6 
958 |a TL 
958 |a NB 
999 |c 982730  |d 984660 
952 |t P60, <09>, [BOOK], {629}  |a SNK  |b SNK  |y NEVYP  |7 0  |o snkB 382  |i snk1201/20001120  |0 0  |1 0  |4 0  |d 2000-11-16  |l 0  |r 2005-01-02 00:00:00  |w 2026-02-24 
952 |t P60, <03>, [BOOK], {603}  |a SNK  |b SNK  |y PREZ  |7 0  |p 17A0258705  |o snkSB 62523  |i snkKSP 11716/2000  |0 0  |1 0  |4 0  |d 2000-11-16  |f 1  |l 0  |r 2025-04-11 00:00:00  |w 2026-02-24 
952 |t P60, <04>, [BOOK], {604}  |a SNK  |b SNK  |y VYP  |7 0  |p 17A0258706  |o snkSB 62523 D1  |i snkKSP 11717/2000  |0 0  |1 0  |4 0  |d 2000-11-16  |l 0  |r 2005-01-02 00:00:00  |w 2026-02-24